| 000 | 00000nam##2200000za#4500 |
| 001 | 9.640092 |
| 003 | CaOODSP |
| 005 | 20240212134143 |
| 007 | cr ||||||||||| |
| 008 | 150407|1996||||xxc|||||o f|0| 0 fre|d |
| 040 | |aCaOODSP|bfre |
| 043 | |an-cn--- |
| 086 | 1 |aNE23-58/1996F-PDF |
| 110 | 1 |aCanada. |bOffice national de l'énergie. |
| 245 | 10|aEnquête publique sur la fissuration par corrosion sous tension des oléoducs et des gazoducs canadiens : |h[ressource électronique]|brapport de l'enquête |
| 246 | 14|aFissuration par corrosion sous tension des oléoducs et des gazoducs canadiens : rapport de l'enquête |
| 260 | |aCalgary - Alberta : |bOffice national de l'énergie |cNovembre 1996, c1996. |
| 300 | |a194p.|bfigures, glossaire, graphiques, cartes, références, tableaux, photographies |
| 500 | |a«Décembre 1996»--p.1 de 194. Le n° de catalogue (NE23-58/1996F) et l'ISBN (0-662-81679-X) de l'édition imprimée ont été incorrectement copiés dans cette édition électronique. |
| 590 | |a12-21-Supp|b2012-05-18 |
| 691 | 07|aPipeline|2gcpds |
| 691 | 07|aSécurité publique|2gcpds |
| 775 | 08|tPublic inquiry concerning stress corrosion cracking on Canadian oil and gas pipelines : |w(CaOODSP)9.695976 |
| 776 | 0#|tEnquête publique sur la fissuration par corrosion sous tension des oléoducs et des gazoducs canadiens : |w(CaOODSP)9.679943 |
| 856 | 40|ahttp://publications.gc.ca|qPDF|s1.57 Mo|uhttps://publications.gc.ca/collections/Collection/NE23-58-1996F.pdf |
| 986 | |aMH-2-95 |